[Event "Reunion op 13th"]
[Site "St Denis"]
[Date "2011.10.08"]
[Round "9"]
[White "Esnault, Hadrien"]
[Black "Martinez, Damien"]
[Result "1/2-1/2"]
[WhiteElo "1099"]
[BlackElo "1199"]
[PlyCount "127"]
[EventDate "2011.10.01"]
[EventType "swiss"]
[EventRounds "9"]
[EventCountry "RUF"]
[SourceTitle "EXT 2012"]
[Source "ChessBase"]
[SourceDate "2011.11.24"]
[SourceVersion "1"]
[SourceVersionDate "2011.11.24"]
[SourceQuality "1"]

1. e4 d5 2. exd5 Bf5 3. Nc3 Na6 4. Bd3 Qd7 5. Bxf5 Qxf5 6. Nf3 Nb4 7. d3 0-0-0 8. 0-0 Nxd5 9. Nxd5 Rxd5 10. c4 Rxd3 11. Qa4 e5 12. Qxa7 e4 13. Qa8+ Kd7 14. Nh4 Qh5 15. Qxf8 Qxh4 16. Qxg7 Qf6 17. Qxf6 Nxf6 18. Bg5 Nh5 19. Rad1 Rxd1 20. Rxd1+ Kc8 21. Rd5 c6 22. Ra5 Kc7 23. g4 b6 24. Ra7+ Kd6 25. gxh5 Rg8 26. h4 f6 27. Kf1 fxg5 28. hxg5 Rxg5 29. Rxh7 Ra5 30. a3 b5 31. cxb5 Rxb5 32. Rh6+ Kc7 33. Rh7+ Kd8 34. Ra7 Rxh5 35. Ra8+ Kc7 36. b4 Rh1+ 37. Kg2 Rb1 38. Ra7+ Kd6 39. Ra6 Rb3 40. Kf1 Kd5 41. Ra5+ Kd4 42. Rc5 Rxa3 43. Rxc6 e3 44. fxe3+ Kxe3 45. Rh6 Ra1+ 46. Kg2 Ra2+ 47. Kg3 Ra4 48. Re6+ Kd4 49. b5 Kd5 50. Ra6 Rb4 51. b6 Kc6 52. Kf3 Kb7 53. Ra7+ Kxb6 54. Ra8 Kc5 55. Rc8+ Kd5 56. Rd8+ Ke6 57. Re8+ Kf5 58. Rf8+ Ke5 59. Re8+ Kd4 60. Re4+ Kc3 61. Re3+ Kd2 62. Kf2 Rf4+ 63. Rf3 Rxf3+ 64. Kxf3 1/2-1/2

[Event "Reunion op 13th"]
[Site "St Denis"]
[Date "2011.10.03"]
[Round "4"]
[White "Martinez, Damien"]
[Black "Mroivili, Ryan"]
[Result "1-0"]
[WhiteElo "1199"]
[BlackElo "1099"]
[PlyCount "97"]
[EventDate "2011.10.01"]
[EventType "swiss"]
[EventRounds "9"]
[EventCountry "RUF"]
[SourceTitle "EXT 2012"]
[Source "ChessBase"]
[SourceDate "2011.11.24"]
[SourceVersion "1"]
[SourceVersionDate "2011.11.24"]
[SourceQuality "1"]

1. e4 e5 2. Nf3 Qf6 3. h4 Qf4 4. c3 Qxe4+ 5. Be2 Qg4 6. g3 e4 7. Nh2 Qh3 8. Bg4 Qg2 9. Qe2 Qxh1+ 10. Nf1 h5 11. Bxh5 g6 12. Bg4 Nf6 13. Bf3 g5 14. Bxh1 gxh4 15. g4 h3 16. g5 Nh5 17. Qxe4+ Be7 18. g6 Nf6 19. Qe5 d6 20. g7 Rg8 21. Qg5 Nbd7 22. Ng3 Nf8 23. Qh6 h2 24. gxf8Q+ Rxf8 25. Nf5 Bxf5 26. Bxb7 Rb8 27. Bc6+ Nd7 28. Qxh2 Bg5 29. Qh5 Rg8 30. Bd5 Nf8 31. Qxf7+ Kd8 32. Qxg8 Be7 33. Qg7 Rb6 34. Qf7 Bg6 35. Qg8 Bc2 36. d3 Bxd3 37. Bg5 Rxb2 38. Nd2 Bh7 39. Qg7 Bxg5 40. Qxg5+ Kd7 41. Qg7+ Ke8 42. Qf7+ Kd8 43. Qxf8+ Kd7 44. Qf7+ Kc8 45. Qxh7 c6 46. Bxc6 a5 47. Nb3 a4 48. Qd7+ Kb8 49. Qb7# 1-0

[Event "Reunion op 13th"]
[Site "St Denis"]
[Date "2011.10.02"]
[Round "3"]
[White "Herrero, Alain"]
[Black "Martinez, Damien"]
[Result "1-0"]
[WhiteElo "1758"]
[BlackElo "1199"]
[PlyCount "51"]
[EventDate "2011.10.01"]
[EventType "swiss"]
[EventRounds "9"]
[EventCountry "RUF"]
[SourceTitle "EXT 2012"]
[Source "ChessBase"]
[SourceDate "2011.11.24"]
[SourceVersion "1"]
[SourceVersionDate "2011.11.24"]
[SourceQuality "1"]

1. d4 d5 2. c4 dxc4 3. e3 Be6 4. Nc3 Nc6 5. d5 Bxd5 6. Qxd5 Qxd5 7. Nxd5 0-0-0 8. Bxc4 e6 9. Nc3 Bd6 10. Nf3 Bb4 11. 0-0 Nge7 12. a3 Bxc3 13. bxc3 Na5 14. Be2 Nb3 15. Rb1 Nxc1 16. Rfxc1 Ng6 17. Rb3 f5 18. Rcb1 b6 19. a4 f4 20. e4 Rhf8 21. a5 Rd7 22. axb6 axb6 23. Ra3 Kd8 24. Nd4 Re8 25. Nc6+ Kc8 26. Ba6# 1-0